Statistics for Oakland Athletics Trivia

Click here to take the quiz!

General Stats

  • This quiz has been taken 135 times
  • The average score is 12 of 16

Answer Stats

HintAnswer% Correct
Book (and later movie) about penny-pinching GM Billy BeaneMoneyball
93%
Speedster who swiped a record 130 bases in 1982
Rickey Henderson
93%
Two players who combined for 80 home runs in 1987Mark McGwire
92%
Non-baseball event which disrupted the 1989 World SeriesEarthquake
85%
Two players who combined for 80 home runs in 1987Jose Canseco
84%
Ace reliever of the 1970s known for his handlebar mustacheRollie Fingers
82%
Nickname of that duo?The {Bash} Brothers
82%
The A's mascot is this type of animalElephant
81%
Other cities which the Athletics called home before moving to Oakland in 1968Philadelphia
80%
MVP slugger who led the A's to three consecutive World Series wins in the 1970sReggie Jackson
77%
Closer who allowed just 5 earned runs over the course of 73 innings pitched in 1990Dennis Eckersley
75%
Other cities which the Athletics called home before moving to Oakland in 1968Kansas City
70%
Slugger, nicknamed "Double X", who hit a team-record 58 home runs in 1932Jimmie Foxx
68%
Slugger who managed to hit exactly .247 for four seasons in a row from 2015–2018Khris Davis
68%
Manager who led the A's during to their most recent World Series title in 1989Tony LaRussa
65%
Manager of the A's from 1901–1950 who won (and lost) more games than
any manager in Major League history
Connie Mack
55%

Score Distribution

Percentile by Number Answered

Percent of People with Each Score

Your Score History

You have not taken this quiz